<?xml version="1.0" encoding="UTF-8"?>
<resp>
  <nextPage>https://data.bn.org.pl/api/networks/bibs.marcxml?marc=001+b0000080126758&amp;sinceId=80126759</nextPage>
  <collection>
    <record xmlns='http://www.loc.gov/MARC21/slim'><leader>01431cam a2200265 i 4500</leader><controlfield tag='001'>b0000080126758</controlfield><controlfield tag='005'>20241203215040.2</controlfield><controlfield tag='008'>100111s2010    pl i          0     pol d</controlfield><controlfield tag='009'>9912882356105606</controlfield><datafield ind1=' ' ind2=' ' tag='035'><subfield code='a'>(PL)b0000080126758</subfield></datafield><datafield ind1=' ' ind2=' ' tag='035'><subfield code='a'>(Aleph)000185185SGH01</subfield></datafield><datafield ind1=' ' ind2=' ' tag='035'><subfield code='a'>990001851850307664-48omnis_network</subfield></datafield><datafield ind1=' ' ind2=' ' tag='040'><subfield code='a'>SGH</subfield><subfield code='c'>SGH</subfield></datafield><datafield ind1='0' ind2=' ' tag='041'><subfield code='a'>pol</subfield></datafield><datafield ind1='1' ind2=' ' tag='100'><subfield code='a'>Stępień, Milena</subfield><subfield code='d'>(1984- )</subfield></datafield><datafield ind1='0' ind2='0' tag='245'><subfield code='a'>Gra ultimatum jako przykład przetargu dwuosobowego /</subfield><subfield code='c'>Milena Stępień.</subfield></datafield><datafield ind1=' ' ind2=' ' tag='260'><subfield code='a'>Warszawa :</subfield><subfield code='b'>Szkoła Główna Handlowa,</subfield><subfield code='c'>2010.</subfield></datafield><datafield ind1=' ' ind2=' ' tag='300'><subfield code='a'>75 s.</subfield></datafield><datafield ind1=' ' ind2=' ' tag='502'><subfield code='a'>Praca licencjacka</subfield></datafield><datafield ind1=' ' ind2=' ' tag='520'><subfield code='a'>Praca zawiera teoretyczne i empiryczne aspekty gry ultimatum. Przedstawione są w niej założenia teoretyczne z zakresu teorii gier, niezbędne do poprawnego zrozumienia przebiegu gry ultimatum, równowaga Nasha gry ultimatum i istota samej gry. W kolejnej części przedstawione są wybrane dane empiryczne gry ultimatum: eksperymenty z wysokimi i niskimi stawkami, badany jest też wpływ otoczenia i form komunikacji na decyzje graczy. W ostatniej części przedstawiona jest gra ultimatum w kontekście modelu awersji do nierówności oraz modelu zawiści i altruizmu, a także porównanie gry ultimatum z grą w dyktatora.</subfield></datafield><datafield ind1=' ' ind2=' ' tag='521'><subfield code='a'>spis treści - brak</subfield></datafield><datafield ind1=' ' ind2=' ' tag='852'><subfield code='b'>48OMNIS_NETWORK</subfield><subfield code='8'>9912882356105606</subfield></datafield><datafield ind1=' ' ind2=' ' tag='852'><subfield code='b'>48OMNIS_WSE</subfield><subfield code='8'>990001851850307664</subfield></datafield></record>
  </collection>
</resp>
